[Event "ESP-ch U16 rapid"]
[Site "Salobrena"]
[Date "2023.07.29"]
[Round "1"]
[White "Morales Anadon, Tomas"]
[Black "Leone Amigot, Haymar"]
[Result "0-1"]
[WhiteElo "1417"]
[BlackElo "1901"]
[PlyCount "118"]
[EventDate "2023.07.29"]
[EventType "swiss (rapid)"]
[EventRounds "9"]
[EventCountry "ESP"]
[SourceTitle "EXT 2024"]
[Source "ChessBase"]
[SourceDate "2023.10.10"]
[SourceVersion "1"]
[SourceVersionDate "2023.10.10"]
[SourceQuality "1"]

1. d4 Nf6 2. Nf3 e6 3. e3 d5 4. Bd3 c5 5. b3 cxd4 6. exd4 Bd6 7. Bb2 b6 8. 0-0 0-0 9. Nbd2 Ba6 10. Ne5 Bxd3 11. cxd3 Ne8 12. Qg4 Nc7 13. f4 f6 14. Nef3 Nc6 15. a3 Ne7 16. Nh4 Qd7 17. Rae1 Rfe8 18. f5 Nxf5 19. Nxf5 exf5 20. Rxe8+ Rxe8 21. Qxf5 Qxf5 22. Rxf5 Re2 23. Rf2 Bxh2+ 24. Kf1 Rxf2+ 25. Kxf2 Bd6 26. Nf1 Kf7 27. Ne3 Ke6 28. Kf3 h5 29. g3 g5 30. b4 f5 31. Ng2 Be7 32. Bc1 Bf6 33. Ne1 Nb5 34. Nc2 g4+ 35. Kf4 Nd6 36. Bb2 Nf7 37. Ke3 Bg5+ 38. Kf2 f4 39. Ne1 Kf5 40. gxf4 Bxf4 41. Ng2 Bg5 42. Kg3 Nh8 43. Nh4+ Kf6 44. Ng2 Ng6 45. Bc3 Kf5 46. Be1 h4+ 47. Kh2 g3+ 48. Kh3 Nf4+ 49. Nxf4 Kxf4 50. Bd2+ Kf5 51. Be1 Bf6 52. Bd2 Bxd4 53. a4 Bf6 54. b5 Bg5 55. Be1 Kf4 56. Bd2+ Kf3 57. Bxg5 g2 58. Be3 Kxe3 59. Kxg2 Kxd3 0-1

[Event "ESP-ch U14 Rapid"]
[Site "Salobrena"]
[Date "2022.07.23"]
[Round "1"]
[White "Povshednyi, Ivan"]
[Black "Morales Anadon, Tomas"]
[Result "1-0"]
[WhiteElo "1646"]
[BlackElo "1299"]
[PlyCount "57"]
[EventDate "2022.07.23"]
[EventType "swiss (rapid)"]
[EventRounds "9"]
[EventCountry "ESP"]
[SourceTitle "EXT 2023"]
[Source "ChessBase"]
[SourceDate "2022.10.05"]
[SourceVersion "1"]
[SourceVersionDate "2022.10.05"]
[SourceQuality "1"]

1. Nf3 Nf6 2. g3 b6 3. Bg2 Nc6 4. d4 d5 5. 0-0 e6 6. c4 Bb7 7. Qa4 Bd6 8. cxd5 exd5 9. Ne5 Bxe5 10. dxe5 Nd7 11. Nc3 Ncxe5 12. Nxd5 c6 13. Nc3 0-0 14. Bf4 b5 15. Qc2 Rc8 16. Rad1 Qe7 17. Ne4 Ba8 18. Nd6 Rcd8 19. Nf5 Qf6 20. Rd6 Ng6 21. Rxf6 Nxf6 22. Bg5 Rfe8 23. Bxf6 gxf6 24. h4 Re6 25. Qc1 Kh8 26. Rd1 Rde8 27. Qh6 Rg8 28. Rd8 Ree8 29. Rxe8 1-0

[Event "ESP-ch U12"]
[Site "Salobrena"]
[Date "2020.07.29"]
[Round "5"]
[White "Morales Anadon, Tomas"]
[Black "Lara Mezcua, Hector"]
[Result "1-0"]
[WhiteElo "1306"]
[BlackElo "1021"]
[PlyCount "93"]
[EventDate "2020.07.27"]
[EventType "swiss"]
[EventRounds "9"]
[EventCountry "ESP"]
[SourceTitle "EXT 2021"]
[Source "ChessBase"]
[SourceDate "2020.10.23"]
[SourceVersion "1"]
[SourceVersionDate "2020.10.23"]
[SourceQuality "1"]

1. d4 Nf6 2. c4 g6 3. Nc3 Bg7 4. e4 d6 5. f3 0-0 6. Be3 Nfd7 7. Qd2 c5 8. d5 Na6 9. a3 Nc7 10. Bh6 Nf6 11. g4 Nd7 12. h4 Ne5 13. h5 b6 14. hxg6 fxg6 15. Bxg7 Kxg7 16. Qh6+ Kf7 17. Qxh7+ Ke8 18. Qg7 Kd7 19. Be2 Ba6 20. b3 Rg8 21. Qh6 Rh8 22. Qxh8 Qxh8 23. Rxh8 Rxh8 24. f4 Nf7 25. 0-0-0 Rh2 26. g5 Ne8 27. a4 Rf2 28. Rf1 Rxf1+ 29. Bxf1 Ng7 30. Be2 Bc8 31. Bg4+ Kc7 32. Bxc8 Kxc8 33. Nce2 Nh5 34. Kd2 Kd7 35. Ke3 e6 36. Kf3 Ke7 37. Ng3 Ng7 38. Kg4 Nd8 39. N1e2 Kf7 40. f5 e5 41. fxg6+ Kxg6 42. Nf5 Nf7 43. Nxg7 Kxg7 44. Kh5 a6 45. Ng3 Nh8 46. Nf5+ Kf7 47. Nxd6+ 1-0

[Event "ESP-ch U12"]
[Site "Salobrena"]
[Date "2020.07.27"]
[Round "2"]
[White "Perea Fruet, Federico"]
[Black "Morales Anadon, Tomas"]
[Result "1-0"]
[WhiteElo "1149"]
[BlackElo "1306"]
[PlyCount "65"]
[EventDate "2020.07.27"]
[EventType "swiss"]
[EventRounds "9"]
[EventCountry "ESP"]
[SourceTitle "EXT 2021"]
[Source "ChessBase"]
[SourceDate "2020.10.23"]
[SourceVersion "1"]
[SourceVersionDate "2020.10.23"]
[SourceQuality "1"]

1. e4 e5 2. Nf3 Nc6 3. d4 exd4 4. Nxd4 Qh4 5. Nb5 Qxe4+ 6. Be2 Qb4+ 7. Bd2 Qh4 8. Nxc7+ Kd8 9. Nxa8 Bc5 10. 0-0 b6 11. Qc1 h6 12. Bf4 Qf6 13. Re1 d6 14. c3 Bb7 15. b4 Bxb4 16. Qe3 Bc5 17. Qg3 Bxa8 18. Rd1 Kc7 19. Nd2 Nge7 20. Ne4 Qe6 21. Nxd6 Qxe2 22. Nxf7+ Kc8 23. Nxh8 Nf5 24. Qf3 Qxf3 25. gxf3 Nh4 26. Rd3 Na5 27. Rad1 Nxf3+ 28. Kf1 Be7 29. Rd7 Bf6 30. Rc7+ Kb8 31. Rxg7+ Kc8 32. Rc7+ Kb8 33. Rf7+ 1-0